000 00410cam a2200181 4500
001 D12502
008 090401t1907 xxu||||| |||| 00| 0 eng d
035 _a(Sirsi) u94172
041 _aeng
100 _aCragg, Anthony Richard
245 _aHints to young valuers
250 _a3rd
260 _bLand Agents Record Ltd
_c1907
350 _a0
520 _aShelf 114
942 _n0
948 _c04/03/1997
999 _c97926
_d97926